[Event "Elverum Region-ch B"]
[Site "Elverum"]
[Date "2017.04.01"]
[Round "2"]
[White "Holmen, Svein Erik"]
[Black "Trana, Kim Tore"]
[Result "0-1"]
[WhiteElo "1109"]
[BlackElo "1259"]
[PlyCount "100"]
[EventDate "2017.04.01"]
[EventType "tourn"]
[EventRounds "5"]
[EventCountry "NOR"]
[SourceTitle "EXT 2024"]
[Source "ChessBase"]
[SourceDate "2023.10.10"]
[SourceVersion "1"]
[SourceVersionDate "2023.10.10"]
[SourceQuality "1"]

1. e4 c5 2. Nf3 Nc6 3. Nc3 e6 4. Be2 Be7 5. d3 b6 6. Bf4 Bb7 7. a3 Nf6 8. 0-0 d5 9. exd5 Nxd5 10. Nxd5 Qxd5 11. c4 Qd7 12. Ne5 Qd4 13. Nxc6 Bxc6 14. Bc1 Rd8 15. Qc2 Qh4 16. f4 Bf6 17. Bf3 Bd4+ 18. Kh1 Bxf3 19. gxf3 0-0 20. Qg2 Qf6 21. Qg5 Bxb2 22. Rb1 Qxg5 23. fxg5 Bxc1 24. Rbxc1 Rxd3 25. a4 Rfd8 26. Kg2 R8d4 27. Rc2 Ra3 28. Rff2 Rxa4 29. Rfd2 g6 30. Rxd4 cxd4 31. c5 bxc5 32. Rxc5 Ra2+ 33. Kg3 d3 34. Rc8+ Kg7 35. Rd8 d2 36. Rd3 a5 37. f4 a4 38. Kf3 a3 39. Ke3 h6 40. h4 d1Q 41. Rxd1 Rh2 42. Kd4 Rxh4 43. gxh6+ Kxh6 44. Ke5 Kg7 45. Ra1 Rh5+ 46. Ke4 Ra5 47. Ra2 Kf6 48. Ke3 e5 49. Ke4 exf4 50. Kxf4 Ra4+ 0-1

[Event "Elverum Region-ch B"]
[Site "Elverum"]
[Date "2017.04.01"]
[Round "3"]
[White "Nygard, Lars Christian"]
[Black "Holmen, Svein Erik"]
[Result "1-0"]
[WhiteElo "1232"]
[BlackElo "1109"]
[PlyCount "67"]
[EventDate "2017.04.01"]
[EventType "tourn"]
[EventRounds "5"]
[EventCountry "NOR"]
[SourceTitle "EXT 2024"]
[Source "ChessBase"]
[SourceDate "2023.10.10"]
[SourceVersion "1"]
[SourceVersionDate "2023.10.10"]
[SourceQuality "1"]

1. g3 d5 2. Bg2 c6 3. d3 e5 4. e4 Nf6 5. Nd2 Be6 6. Ngf3 Bd6 7. 0-0 0-0 8. b3 Nbd7 9. Bb2 d4 10. c3 c5 11. Nc4 Bxc4 12. bxc4 Nb6 13. a4 a5 14. Qb3 Rb8 15. Bc1 Nbd7 16. cxd4 cxd4 17. Bd2 Nc5 18. Qc2 b6 19. Bh3 Qe7 20. Nh4 g6 21. f4 Nfd7 22. f5 g5 23. f6 Qd8 24. Bxg5 Re8 25. Qd1 Bf8 26. Qg4 Kh8 27. Nf5 Nxf6 28. Qh4 Ncd7 29. Nh6 Bxh6 30. Qxh6 Rg8 31. Bxd7 Rg6 32. Bxf6+ Kg8 33. Bxd8 Rxh6 34. Bf6 1-0

[Event "Folkvang CC-ch"]
[Site "Folkvang"]
[Date "2016.??.??"]
[Round "3"]
[White "Opseth, Oliver"]
[Black "Holmen, Svein Erik"]
[Result "1-0"]
[WhiteElo "1337"]
[BlackElo "1096"]
[PlyCount "57"]
[EventDate "2016.01.27"]
[EventType "swiss"]
[EventRounds "7"]
[EventCountry "NOR"]
[SourceTitle "EXT 2024"]
[Source "ChessBase"]
[SourceDate "2023.10.10"]
[SourceVersion "1"]
[SourceVersionDate "2023.10.10"]
[SourceQuality "1"]

1. d4 d5 2. c4 dxc4 3. e3 e6 4. Bxc4 Nf6 5. Nf3 Be7 6. Nc3 a6 7. a4 c6 8. 0-0 0-0 9. Bd2 Nbd7 10. Qc2 h6 11. e4 Nh7 12. Kh1 Ng5 13. Rg1 Qb6 14. e5 g6 15. Rad1 Qd8 16. h4 Nxf3 17. gxf3 Kh7 18. h5 Rg8 19. hxg6+ Kg7 20. gxf7+ Bg5 21. fxg8Q+ Kxg8 22. Qg6+ Kh8 23. Bxg5 Qf8 24. Bf6+ Nxf6 25. Qxf6+ Qxf6 26. exf6 Bd7 27. Rg6 Be8 28. Rxh6+ Kg8 29. Bxe6+ 1-0

[Event "Hedmark & Oppland Region-ch"]
[Site "Hamar"]
[Date "2013.04.06"]
[Round "3"]
[White "Holmen, Svein Erik"]
[Black "Stubrud, Jan Magne"]
[Result "0-1"]
[WhiteElo "1047"]
[BlackElo "1541"]
[PlyCount "54"]
[EventDate "2013.04.06"]
[EventType "swiss"]
[EventRounds "5"]
[EventCountry "NOR"]
[SourceTitle "EXT 2024"]
[Source "ChessBase"]
[SourceDate "2023.10.10"]
[SourceVersion "1"]
[SourceVersionDate "2023.10.10"]
[SourceQuality "1"]

1. e4 e5 2. Nf3 f5 3. exf5 e4 4. Qe2 d5 5. Nd4 Nf6 6. Ne6 Bxe6 7. fxe6 Nc6 8. Qb5 Rb8 9. d3 Qd6 10. c3 Qxe6 11. Be3 Be7 12. Nd2 0-0 13. d4 a6 14. Qb3 Kh8 15. Be2 b5 16. 0-0 Bd6 17. Qd1 Ne7 18. Bg5 Ng6 19. g3 Rbe8 20. b3 h6 21. Bh5 Nxh5 22. Qxh5 Rf5 23. h4 Kg8 24. g4 Rf7 25. Be3 Bf4 26. Kg2 Ref8 27. Bxf4 Nxf4+ 0-1